Video Game Abbreviations - Statistics

General Stats
  • This quiz has been taken 24 times
  • The average score is 13 of 20
Answer Stats
Abbr. Type of Term Term % Correct
GG General Term Good Game
96%
LvL In-Game Level
91%
PVP General Term Player Versus Player
91%
HP In-Game Health Points/Hit Points
87%
NPC General Term Non-Playable Character/Non-Player Character
87%
DLC In-game term Downloadable Content
78%
XP In-Game Experience Points
78%
AFK General Term Away From Keyboard
74%
FPS Kind of Game First Person Shooter
74%
MP In-Game Magic Points/Mana Points
74%
DPS General Term Damage Per Second
65%
QTE In-Game term Quick Time Event
57%
AOE In-Game term Area of Effect
52%
F2P Kind of Game Free To Play
52%
HUD In-game term Heads Up Display
43%
MMORPG Kind of Game Massively Multiplayer Online Role Playing Game
39%
RTS Kind of Game Real Time Strategy
39%
STA In-Game Stamina
30%
1-UP General Term Extra Life
26%
TD Kind of Game Tower Defense
26%
No matching quizzes found
Score Distribution
Percent of People with Each Score
Percentile by Number Answered
Your Score History
You have not taken this quiz